[Event "VIE-ch U20"]
[Site "Hanoi"]
[Date "2022.06.12"]
[Round "2"]
[White "Phan, Nguyen Dang Kha"]
[Black "Le, Huy Hoang"]
[Result "1/2-1/2"]
[WhiteElo "2266"]
[BlackElo "2273"]
[PlyCount "73"]
[EventDate "2022.06.11"]
[EventType "swiss"]
[EventRounds "9"]
[EventCountry "VIE"]
[SourceTitle "EXT 2023"]
[Source "ChessBase"]
[SourceDate "2022.10.05"]
[SourceVersion "1"]
[SourceVersionDate "2022.10.05"]
[SourceQuality "1"]

1. e4 g6 2. d4 Bg7 3. Be3 d6 4. Nc3 e5 5. dxe5 Bxe5 6. Nf3 Bg7 7. Bd4 Nf6 8. e5 dxe5 9. Bxe5 Qe7 10. Qe2 0-0 11. 0-0-0 Bg4 12. Bd4 Qxe2 13. Bxe2 c6 14. h3 Bxf3 15. Bxf3 Na6 16. Be3 Nc7 17. Rd2 Ne6 18. g4 h6 19. Rhd1 Rfe8 20. h4 a6 21. Bb6 Nf8 22. Na4 Ne6 23. Nc5 Nxc5 24. Bxc5 h5 25. gxh5 Bh6 26. Be3 Bxe3 27. fxe3 Rxe3 28. Rf1 Nxh5 29. Bxh5 gxh5 30. Rd7 Rf8 31. Rf5 Rh3 32. Rxh5 f5 33. Rdh7 Rf6 34. Rxb7 f4 35. Rg5+ Kf8 36. Rh5 Kg8 37. Rg5+ 1/2-1/2

[Event "VIE-ch U11"]
[Site "Ho Chi Minh City"]
[Date "2014.07.17"]
[Round "8"]
[White "Le, Huy Hoang"]
[Black "Hoang, Duc Minh"]
[Result "1-0"]
[WhiteElo "1978"]
[BlackElo "1951"]
[PlyCount "97"]
[EventDate "2014.07.13"]
[EventType "swiss"]
[EventRounds "9"]
[EventCountry "VIE"]
[SourceTitle "EXT 2016"]
[Source "ChessBase"]
[SourceDate "2015.10.08"]
[SourceVersion "1"]
[SourceVersionDate "2015.10.08"]
[SourceQuality "1"]

1. d4 d5 2. c4 e6 3. Nf3 b6 4. Nc3 Bb7 5. cxd5 exd5 6. e3 Nf6 7. Bd3 Be7 8. Qc2 0-0 9. e4 dxe4 10. Nxe4 Nxe4 11. Bxe4 Bxe4 12. Qxe4 Bb4+ 13. Kd1 Nd7 14. Ng5 Nf6 15. Qd3 c5 16. d5 Qxd5 17. Qxd5 Nxd5 18. a3 Ba5 19. Bd2 Bxd2 20. Kxd2 Rad8 21. Kc2 h6 22. Nf3 Rfe8 23. Rhe1 Nf6 24. Ne5 Re6 25. f4 Nd5 26. Rad1 Red6 27. Nc4 Ne3+ 28. Nxe3 Rxd1 29. Nxd1 Rd4 30. g3 Kf8 31. Nc3 a6 32. Rd1 Rxd1 33. Kxd1 Ke7 34. Nd5+ Kd6 35. Nxb6 Ke6 36. Ke2 g5 37. fxg5 hxg5 38. h4 Kf5 39. h5 g4 40. h6 Kg6 41. Nd7 Kxh6 42. Nxc5 Kg6 43. Nxa6 Kf6 44. b4 Ke6 45. Ke3 Ke5 46. Nc5 f5 47. Nd3+ Kd5 48. Kf4 Kd4 49. b5 1-0